[Event "Klatovy op-B 23rd"]
[Site "Klatovy"]
[Date "2017.07.08"]
[Round "8"]
[White "Palla, Ivan"]
[Black "Kubat, Zbynek"]
[Result "1/2-1/2"]
[WhiteElo "1552"]
[BlackElo "1682"]
[PlyCount "23"]
[EventDate "2017.07.01"]
[EventType "swiss"]
[EventRounds "9"]
[EventCountry "CZE"]
[SourceTitle "EXT 2018"]
[Source "ChessBase"]
[SourceDate "2017.10.13"]
[SourceVersion "1"]
[SourceVersionDate "2017.10.13"]
[SourceQuality "1"]

1. Nf3 d5 2. g3 Nc6 3. Bg2 e5 4. d3 Bg4 5. h3 Be6 6. 0-0 h6 7. b3 Qd7 8. Kh2 Nf6 9. Bb2 Bd6 10. c4 g5 11. Ng1 h5 12. Nc3 1/2-1/2

[Event "Klatovy op-B 23rd"]
[Site "Klatovy"]
[Date "2017.07.01"]
[Round "1"]
[White "Micka, Norbert"]
[Black "Palla, Ivan"]
[Result "1-0"]
[WhiteElo "1823"]
[BlackElo "1552"]
[PlyCount "58"]
[EventDate "2017.07.01"]
[EventType "swiss"]
[EventRounds "9"]
[EventCountry "CZE"]
[SourceTitle "EXT 2018"]
[Source "ChessBase"]
[SourceDate "2017.10.13"]
[SourceVersion "1"]
[SourceVersionDate "2017.10.13"]
[SourceQuality "1"]

1. Nf3 c5 2. c4 Nc6 3. Nc3 Nf6 4. g3 g6 5. d4 cxd4 6. Nxd4 Bg7 7. Bg2 0-0 8. 0-0 e6 9. Ndb5 Ne8 10. Bf4 e5 11. Be3 a6 12. Nd6 Nxd6 13. Qxd6 Re8 14. Rfd1 Bf8 15. Qd2 Bb4 16. Rac1 Na5 17. b3 Rb8 18. c5 Nc6 19. Qd6 Re6 20. Qd3 Qa5 21. Na4 Qb5 22. Qxb5 axb5 23. Nb6 Nd4 24. Bxd4 exd4 25. Nd5 Bc3 26. Rc2 b4 27. e3 d6 28. exd4 dxc5 29. dxc5 Kg7 1-0

[Event "Wch Seniors 65 26th"]
[Site "Marianske Lazne"]
[Date "2016.11.28"]
[Round "9"]
[White "Palla, Ivan"]
[Black "Dvorak, Pavel"]
[Result "1/2-1/2"]
[WhiteElo "1514"]
[BlackElo "1753"]
[PlyCount "27"]
[EventDate "2016.11.19"]
[EventType "swiss"]
[EventRounds "11"]
[EventCountry "CZE"]
[SourceTitle "CBM 175 Extra"]
[Source "ChessBase"]
[SourceDate "2016.12.12"]
[SourceVersion "1"]
[SourceVersionDate "2016.12.12"]
[SourceQuality "1"]

1. Nf3 Nf6 2. d4 e6 3. g3 d5 4. Bg2 Nbd7 5. 0-0 Bd6 6. b3 0-0 7. Bb2 c6 8. Nbd2 Re8 9. Ne5 Qc7 10. f4 b6 11. e4 Bf8 12. Nxd7 Nxd7 13. e5 c5 14. c3 1/2-1/2

[Event "Wch Seniors 65 26th"]
[Site "Marianske Lazne"]
[Date "2016.11.22"]
[Round "4"]
[White "Dalling, Peter"]
[Black "Palla, Ivan"]
[Result "1-0"]
[WhiteElo "1817"]
[BlackElo "1514"]
[PlyCount "29"]
[EventDate "2016.11.19"]
[EventType "swiss"]
[EventRounds "11"]
[EventCountry "CZE"]
[SourceTitle "CBM 175 Extra"]
[Source "ChessBase"]
[SourceDate "2016.12.12"]
[SourceVersion "1"]
[SourceVersionDate "2016.12.12"]
[SourceQuality "1"]

1. Nc3 d5 2. e4 d4 3. Nb1 e5 4. Bc4 Bd6 5. d3 c6 6. Nf3 Bg4 7. Nbd2 h6 8. Qe2 Ne7 9. Nf1 Ng6 10. h3 Bxf3 11. Qxf3 Qf6 12. Qxf6 gxf6 13. Ng3 Bf8 14. Nf5 Ne7 15. Nd6+ 1-0

[Event "Ricany op"]
[Site "Ricany"]
[Date "2016.08.30"]
[Round "5"]
[White "Benes, Karel"]
[Black "Palla, Ivan"]
[Result "1-0"]
[WhiteElo "1713"]
[BlackElo "1553"]
[PlyCount "61"]
[EventDate "2016.08.27"]
[EventType "swiss"]
[EventRounds "9"]
[EventCountry "CZE"]
[SourceTitle "CBM 174 Extra"]
[Source "ChessBase"]
[SourceDate "2016.10.10"]
[SourceVersion "1"]
[SourceVersionDate "2016.10.10"]
[SourceQuality "1"]

1. e4 c5 2. Nf3 Nc6 3. d4 cxd4 4. Nxd4 e6 5. Be3 Nf6 6. Nc3 Bb4 7. f3 0-0 8. Qd2 Qa5 9. Nb3 Qd8 10. a3 Be7 11. Be2 d5 12. 0-0-0 dxe4 13. Qxd8 Nxd8 14. fxe4 Nc6 15. g4 Ne5 16. h3 b6 17. g5 Nfd7 18. h4 Bb7 19. Rhg1 Rac8 20. h5 Bxa3 21. Kb1 Bc5 22. Nxc5 Nxc5 23. Bf4 Nc6 24. g6 fxg6 25. Bd6 Rf7 26. hxg6 hxg6 27. Rxg6 Nd8 28. Rdg1 Kh7 29. Be5 Nxe4 30. Bxg7 Nxc3+ 31. Bxc3 1-0

[Event "Ricany op"]
[Site "Ricany"]
[Date "2015.08.29"]
[Round "9"]
[White "Palla, Ivan"]
[Black "Cabart, Pavel"]
[Result "1/2-1/2"]
[WhiteElo "1556"]
[BlackElo "1704"]
[PlyCount "63"]
[EventDate "2015.08.22"]
[EventType "swiss"]
[EventRounds "9"]
[EventCountry "CZE"]
[SourceTitle "EXT 2023"]
[Source "ChessBase"]
[SourceDate "2022.10.05"]
[SourceVersion "1"]
[SourceVersionDate "2022.10.05"]
[SourceQuality "1"]

1. g3 Nf6 2. Bg2 g6 3. d4 d5 4. c4 c6 5. cxd5 cxd5 6. Nc3 Bg7 7. Nf3 0-0 8. 0-0 Nc6 9. Ne5 e6 10. Bg5 Qb6 11. Na4 Qb4 12. a3 Qd6 13. Bf4 Qe7 14. Bg5 h6 15. Bf4 Nd7 16. Nxc6 bxc6 17. Be3 Ba6 18. Re1 Rfc8 19. Rc1 Rab8 20. Qd2 Kh7 21. b4 Nb6 22. Nb2 Nc4 23. Nxc4 Bxc4 24. Bf4 Rb5 25. e4 g5 26. exd5 cxd5 27. Be3 Rcb8 28. Bf1 Bxf1 29. Kxf1 Qf6 30. Rc5 Qf3 31. Rxb5 Rxb5 32. Qd3+ 1/2-1/2

[Event "Ricany op"]
[Site "Ricany"]
[Date "2015.08.24"]
[Round "4"]
[White "Palla, Ivan"]
[Black "Rastocny, Josef"]
[Result "0-1"]
[WhiteElo "1556"]
[BlackElo "1860"]
[PlyCount "70"]
[EventDate "2015.08.22"]
[EventType "swiss"]
[EventRounds "9"]
[EventCountry "CZE"]
[SourceTitle "EXT 2023"]
[Source "ChessBase"]
[SourceDate "2022.10.05"]
[SourceVersion "1"]
[SourceVersionDate "2022.10.05"]
[SourceQuality "1"]

1. Nf3 Nf6 2. d4 e6 3. g3 b6 4. Bg2 Bb7 5. 0-0 Be7 6. a4 d6 7. Nc3 Nbd7 8. b3 0-0 9. Bb2 Ne4 10. Nd2 Nxc3 11. Bxc3 Bxg2 12. Kxg2 Nf6 13. e4 Qc8 14. Qf3 c5 15. e5 Nd7 16. Ne4 dxe5 17. dxe5 Qb8 18. Rfd1 Nxe5 19. Qe2 Nc6 20. Kf1 e5 21. f3 Nd4 22. Qf2 Qb7 23. Nd2 Rad8 24. Rac1 f5 25. Re1 Bf6 26. Kg1 Rfe8 27. Qg2 Bg5 28. Bxd4 cxd4 29. Red1 Be3+ 30. Kf1 e4 31. fxe4 fxe4 32. Ke2 Qe7 33. Rf1 Bxd2 34. Kxd2 d3 35. Rce1 e3+ 0-1

[Event "Ricany op-A"]
[Site "Ricany"]
[Date "2014.08.26"]
[Round "5"]
[White "Cabart, Pavel"]
[Black "Palla, Ivan"]
[Result "1-0"]
[WhiteElo "1713"]
[BlackElo "1536"]
[PlyCount "32"]
[EventDate "2014.08.23"]
[EventType "swiss"]
[EventRounds "9"]
[EventCountry "CZE"]
[SourceTitle "EXT 2015"]
[Source "ChessBase"]
[SourceDate "2014.11.20"]
[SourceVersion "1"]
[SourceVersionDate "2014.11.20"]
[SourceQuality "1"]

1. e4 c6 2. d4 d5 3. exd5 cxd5 4. c4 Nf6 5. Nc3 Nc6 6. Bf4 a6 7. c5 b5 8. a3 g6 9. Nf3 Nh5 10. Be3 Bg7 11. Be2 0-0 12. 0-0 Bb7 13. Qd2 e5 14. Rad1 e4 15. Ne5 Na5 16. Bxh5 gxh5 1-0

[Event "Ricany op-A"]
[Site "Ricany"]
[Date "2014.08.24"]
[Round "3"]
[White "Palla, Ivan"]
[Black "Prochazka, Petr"]
[Result "1/2-1/2"]
[WhiteElo "1536"]
[BlackElo "1841"]
[PlyCount "23"]
[EventDate "2014.08.23"]
[EventType "swiss"]
[EventRounds "9"]
[EventCountry "CZE"]
[SourceTitle "EXT 2015"]
[Source "ChessBase"]
[SourceDate "2014.11.20"]
[SourceVersion "1"]
[SourceVersionDate "2014.11.20"]
[SourceQuality "1"]

1. Nf3 d5 2. d4 Nc6 3. g3 Bg4 4. Bg2 Qd7 5. 0-0 Bh3 6. Nc3 Bxg2 7. Kxg2 0-0-0 8. a3 b6 9. b4 g5 10. Qd3 Nh6 11. Rd1 e6 12. e4 1/2-1/2

[Event "Klatovy op-B"]
[Site "Klatovy"]
[Date "2013.07.05"]
[Round "7"]
[White "Palla, Ivan"]
[Black "Sova, Zdenek"]
[Result "1/2-1/2"]
[WhiteElo "1586"]
[BlackElo "1775"]
[PlyCount "32"]
[EventDate "2013.06.29"]
[EventType "swiss"]
[EventRounds "9"]
[EventCountry "CZE"]
[SourceTitle "EXT 2014"]
[Source "ChessBase"]
[SourceDate "2013.11.20"]
[SourceVersion "1"]
[SourceVersionDate "2013.11.20"]
[SourceQuality "1"]

1. e4 d6 2. d4 Nf6 3. Nc3 g6 4. e5 dxe5 5. dxe5 Qxd1+ 6. Nxd1 Nd5 7. Ne3 Be6 8. c4 Nb4 9. a3 N4c6 10. f4 Bg7 11. Nf3 0-0 12. Nd5 Re8 13. b4 b5 14. Bb2 Kf8 15. Ng5 Kg8 16. Nxe6 fxe6 1/2-1/2